BIBLIOTECA PODER JUDICIAL
Portal Judicial TDF

Procedencia de los daños y perjuicios por impedimentos de contacto parento-filiales. Responsabilidad del Estado / (Registro nro. 5448)

000 -LEADER
fixed length control field 02334nab a22002777a 4500
003 - CONTROL NUMBER IDENTIFIER
control field OSt
005 - DATE AND TIME OF LATEST TRANSACTION
control field 20251023095041.0
008 - FIXED-LENGTH DATA ELEMENTS--GENERAL INFORMATION
fixed length control field 190603e xxum|||| |||| 00| 0 spa d
040 ## - CATALOGING SOURCE
Transcribing agency PJ
100 ## - MAIN ENTRY--PERSONAL NAME
9 (RLIN) 4096
Personal name Mizrahi, Mauricio Luis
245 10 - TITLE STATEMENT
Title Procedencia de los daños y perjuicios por impedimentos de contacto parento-filiales. Responsabilidad del Estado /<br/>
Statement of responsibility, etc Mauricio Luis Mizrahi.
260 ## - PUBLICATION, DISTRIBUTION, ETC. (IMPRINT)
Date of publication, distribution, etc Ciudad Autónoma de Buenos Aires :
Place of publication, distribution, etc Thomson Reuters La Ley,
Name of publisher, distributor, etc 2025.
300 ## - PHYSICAL DESCRIPTION
Extent p. 26-40
500 ## - GENERAL NOTE
General note Cita Online: TR LALEY AR/DOC/426/2025.<br/>
505 ## - FORMATTED CONTENTS NOTE
Formatted contents note Sumario: I. El derecho de daños y la importancia de la comunicación del hijo con ambos progenitores.— II. El impedimento de contacto y los deberes de la judicatura. La protección especial que merecen los niños. Deficiencia en el accionar de ciertos tribunales.— III. Daños y perjuicios por la obstaculización de los vínculos parento-filiales.— IV. Admisión por la jurisprudencia de la acción por daños y perjuicios.— V. Procedencia de la acción de daños cuando no es genuino el discurso del niño que rechaza el contacto.— VI. Alcance de los daños a reclamar. Legitimación activa y pasiva. Responsabilidad del Estado.— VII. Sentencias del Tribunal Europeo de Derechos Humanos en casos de alienación parental que impidieron los contactos parento-filiales. Aplicación en el derecho argentino.— VIII. Rechazo de demandas de daños y perjuicios por la falta de los presupuestos de la responsabilidad civil.— IX. Daños y perjuicios contra el progenitor que no se relaciona con su hijo. Jurisprudencia.— X. De lege ferenda. Indemnización en el mismo proceso donde tramita el reclamo del régimen de comunicación.
505 ## - FORMATTED CONTENTS NOTE
Title ¿Te interesa el texto completo? Solicitalo al correo: koha@justierradelfuego.gov.ar<br/>
650 #0 - SUBJECT ADDED ENTRY--TOPICAL TERM
9 (RLIN) 1015
Topical term or geographic name as entry element RESPONSABILIDAD PARENTAL
650 #0 - SUBJECT ADDED ENTRY--TOPICAL TERM
9 (RLIN) 1215
Topical term or geographic name as entry element RESPONSABILIDAD DEL ESTADO
650 #0 - SUBJECT ADDED ENTRY--TOPICAL TERM
9 (RLIN) 4097
Topical term or geographic name as entry element INTERES SUPERIOR DEL NIÑO
650 #0 - SUBJECT ADDED ENTRY--TOPICAL TERM
9 (RLIN) 2823
Topical term or geographic name as entry element DAÑOS Y PERJUICIOS
650 #0 - SUBJECT ADDED ENTRY--TOPICAL TERM
9 (RLIN) 2741
Topical term or geographic name as entry element DERECHOS DE LAS NIÑAS, NIÑOS Y ADOLESCENTES
650 #0 - SUBJECT ADDED ENTRY--TOPICAL TERM
9 (RLIN) 5325
Topical term or geographic name as entry element DERECHOS Y OBLIGACIONES DE LOS PADRES
650 #0 - SUBJECT ADDED ENTRY--TOPICAL TERM
9 (RLIN) 1467
Topical term or geographic name as entry element RESPONSABILIDAD CIVIL
773 0# - HOST ITEM ENTRY
Host Biblionumber 2713
Host Itemnumber 3170
Place, publisher, and date of publication Ciudad Autónoma de Buenos Aires : Thomson Reuters La Ley, 2015-
Title Revista Código Civil y Comercial. Nº 2 - Abril 2025
942 ## - ADDED ENTRY ELEMENTS (KOHA)
Source of classification or shelving scheme
Koha item type Analítica Artículo de Revista

No hay ítems disponibles.

12 de Octubre 789 Ushuaia - Tel:  54(02901)441571
Horario de Atención: 8.00 a 17.00 hs. 
bibliotecaush@justierradelfuego.gov.ar
koha@justierradelfuego.gov.ar
Seguinos en nuestras redes @bibliojustdf 

Con tecnología Koha